Catálogo

Percepción del desempeño de las instituciones de seguridad y justicia / (Registro nro. 58674)

Detalles MARC
000 -LEADER
fixed length control field 01522cam a2200361 i 4500
001 - CONTROL NUMBER
control field 58674
003 - CONTROL NUMBER IDENTIFIER
control field Mx-PuUPA
005 - DATE AND TIME OF LATEST TRANSACTION
control field 20250818122441.0
008 - FIXED-LENGTH DATA ELEMENTS--GENERAL INFORMATION
fixed length control field 140415s2015 mx ad gr 001 0 spa d
020 ## - INTERNATIONAL STANDARD BOOK NUMBER
International Standard Book Number 9786070270093
Qualifying information rústica
020 ## - INTERNATIONAL STANDARD BOOK NUMBER
International Standard Book Number 9786070269875
Qualifying information colección rústica
040 ## - CATALOGING SOURCE
Original cataloging agency Mx-PuUPA
Language of cataloging spa
Transcribing agency Mx-PuUPA
Modifying agency Mx-PuUPA
Description conventions rda
041 0# - LANGUAGE CODE
Language code of text/sound track or separate title spa
Language code of original eng
043 ## - GEOGRAPHIC AREA CODE
Geographic area code n-mx---
100 1# - MAIN ENTRY--PERSONAL NAME
Personal name Jiménez, René,
9 (RLIN) 17317
Relator term autor
245 10 - TITLE STATEMENT
Title Percepción del desempeño de las instituciones de seguridad y justicia /
Remainder of title René Jiménez, Carlos Silva Forné
246 13 - VARYING FORM OF TITLE
Title proper/short title Percepción del desempeño de las instituciones de seguridad y justicia :
Remainder of title encuesta nacional de Seguridad Pública
250 ## - EDITION STATEMENT
Edition statement Primera edición /
Remainder of edition statement agosto
264 #1 - PRODUCTION, PUBLICATION, DISTRIBUTION, MANUFACTURE, AND COPYRIGHT NOTICE
Place of production, publication, distribution, manufacture México, D.F. :
Name of producer, publisher, distributor, manufacturer Universidad Nacional Autónoma de México,
Date of production, publication, distribution, manufacture, or copyright notice 2015
300 ## - PHYSICAL DESCRIPTION
Extent 184 páginas :
Other physical details ilustraciones, gráficas ;
Dimensions 23 cm
336 ## - CONTENT TYPE
Fuente rdacontent
Content type term texto
Content type code txt
337 ## - MEDIA TYPE
Source rdamedia
Media type term sin medio
Media type code n
338 ## - CARRIER TYPE
Source rdacarrier
Carrier type term volumen
Carrier type code nc
490 0# - SERIES STATEMENT
Series statement Los mexicanos vistos por sí mismos. Los grandes temas nacionales ;
Volume/sequential designation 22
650 #7 - SUBJECT ADDED ENTRY--TOPICAL TERM
Source of heading or term armarc
Topical term or geographic name entry element Seguridad pública
General subdivision Aspectos sociales
Geographic subdivision México
Chronological subdivision Siglo XXI
650 #7 - SUBJECT ADDED ENTRY--TOPICAL TERM
Source of heading or term armarc
Topical term or geographic name entry element Administración de justicia
Geographic subdivision México
651 #4 - SUBJECT ADDED ENTRY--GEOGRAPHIC NAME
Geographic name México
General subdivision Condiciones sociales
Chronological subdivision Siglo XXI
700 1# - ADDED ENTRY--PERSONAL NAME
Personal name Silva Forné, Carlos,
Relator term autor
942 ## - ADDED ENTRY ELEMENTS (KOHA)
Source of classification or shelving scheme Dewey Decimal Classification
Koha item type Libro
Classification part 363.10972
Item part J64
Existencias
Withdrawn status Lost status Source of classification or shelving scheme Damaged status Not for loan Collection code Home library Current library Shelving location Date acquired Source of acquisition Cost, normal purchase price Total Checkouts Full call number Barcode Date last seen Cost, replacement price Price effective from Koha item type
    Dewey Decimal Classification     General Biblioteca Karol Wojtyla Biblioteca Karol Wojtyla Sala general 03/12/2013 Compra 0.00   363.10972 J64 2015 48085 05/01/2026 0.00 03/12/2013 Libro